Geography Quiz

Random Geography or City Quiz
Score 0/20 Timer 06:00
0 Plays Today
City % Correct
Jacksonville
95.5%
Miami
94.6%
Tampa
94.6%
Orlando
90.2%
St. Petersburg
83.9%
Fort Lauderdale
79.5%
Tallahassee
78.6%
Hialeah
73.2%
Gainesville
71.4%
West Palm Beach
67.9%
City % Correct
Hollywood
58.9%
Clearwater
57.1%
Cape Coral
55.4%
Port St. Lucie
50%
Pembroke Pines
48.2%
Miami Gardens
43.8%
Coral Springs
41.1%
Palm Bay
38.4%
Miramar
33.9%
Pompano Beach
33%
Remove Ads.
Support Sporcle.
Get the best of Sporcle when you Go Orange. This ad-free experience offers more features, more stats, and more fun while also helping to support Sporcle. Thank you for becoming a member.

You're not logged in!

Compare scores with friends on all Sporcle quizzes.
OR
Log In

Show Comments

Extras

Top Quizzes Today


Score Distribution

Your Account Isn't Verified!

In order to create a playlist on Sporcle, you need to verify the email address you used during registration. Go to your Sporcle Settings to finish the process.

Report this User

Report this user for behavior that violates our Community Guidelines.

Details: